Jetpunk Colours by Meaning - Statistics

General Stats
  • This quiz has been taken 25 times
  • The average score is 3 of 13
Answer Stats
Hint Answer % Correct
(D1D138) Jetpunk fish (Ike | Jeppy)
87%
3366CC Header
40%
(64BEFF) Ocean on maps
27%
009900 Start Quiz | Text Quiz | Subscribe?
27%
CC0000 Multiple Choice | Get Jetpunk Premium
20%
4775D1 Buttons | Picture Quiz
13%
(FFFF80) Countries on maps
13%
F2EAE1 Sidebar
13%
5973A6 Top Bar
13%
DAF5CC Trees planted
13%
(FF6600) Featured Star
7%
(FF0000) Star Rating
7%
FFDD33 Tile Select
7%
No matching quizzes found
Score Distribution
Percent of People with Each Score
Percentile by Number Answered
Your Score History
You have not taken this quiz